[Event "World Women-ch k.o."]
[Site "Antakya"]
[Date "2010.12.07"]
[Round "2.1"]
[White "Ju, Wenjun"]
[Black "Kovanova, Baira"]
[Result "1/2-1/2"]
[WhiteElo "2524"]
[BlackElo "2380"]
[Annotator "Marin,M"]
[PlyCount "95"]
[EventDate "2010.12.04"]
[EventType "k.o."]
[EventRounds "6"]
[EventCountry "TUR"]
[SourceTitle "CBM 140"]
[Source "ChessBase"]
[SourceDate "2011.01.18"]
[SourceVersion "1"]
[SourceVersionDate "2011.01.18"]
[SourceQuality "1"]

1. d4 Nf6 2. c4 e6 3. g3 Bb4+ 4. Bd2 c5 5. Bxb4 cxb4 6. Bg2 O-O 7. e4 d6 8. Ne2
Nc6 9. O-O a5 $5 $146 {An interesting waiting move. Since White is not
threatening much in the centre, Black consolidates her queenside space
advantage, anticipating a2-a3.} ({The main line goes} 9... e5 {, when after}
10. a3 bxa3 11. Nxa3 {Black experienced some micro problems in Beliavsky,A 
(2615)-Grosar,A (2470)/Portoroz 1996/CBM 051 ext/[Beliavsky] (1-0, 22)}) 10. a3
({Gaining space with} 10. f4 $6 {just weakens the dark squares even more.} e5
11. fxe5 {Dubious, but otherwise the previous move would hardly make any sense.
} dxe5 12. d5 Qb6+ 13. Kh1 Nb8 (13... Ng4 $5 14. dxc6 Ne3 15. Qc1 Nxf1 16. Qxf1
Qxc6 $44) 14. Nc1 Na6 $15) (10. Nd2 Qb6 $5 11. Nb3 (11. Nf3 $2 Nxe4) (11. d5
Nd4 $11) 11... a4 12. Nbc1 Bd7 $132) 10... Qb6 11. axb4 Qxb4 {The queen will
be slightly exposed here.} (11... Nxb4 $5 12. Nbc3 e5 $132) 12. Na3 Bd7 (12...
e5 13. Nb5 Bg4 $2 14. f3 $1 {Usually, such a move favours Black, who gets
additional weaknesses to play against. In this concrete case, however,
clearing the f2-square with gain of time is essential for trapping the queen.}
Bd7 15. Ra4 $1 Qxb2 16. Rf2 $18) 13. Qd3 (13. Nb5 $5 e5 14. Ra4 Qxb2 {is
unclear with the pawn on f2.}) 13... Qb6 14. h3 e5 $132 {Black has a
reasonable position, with relative stability on the dark squares.} 15. Rfd1
Rfc8 $6 (15... Rfe8 $5 {[%csl Ge5]}) 16. Rab1 (16. c5 dxc5 17. dxe5 Nxe5 18.
Qc3 Ng6 19. Nc4 $36) 16... a4 17. Kh2 exd4 18. Nxd4 Qc5 19. Kg1 Ra6 20. Nxc6
Bxc6 21. Qxd6 Nxe4 22. Bxe4 Qxd6 23. Bxh7+ Kxh7 24. Rxd6 Re8 25. g4 Ra5 26. Nc2
f5 27. Nd4 fxg4 28. hxg4 Rc5 29. Rc1 Be4 30. Rc3 Bc6 31. Kf1 Kg8 32. Kg1 Kh7
33. Rc1 Be4 34. Rc3 Bc6 35. Kf1 Kg8 36. f3 Rc8 37. Nxc6 bxc6 38. Kf2 Rb8 39.
Rd2 Rb4 40. Rdc2 Kf7 41. Ke3 Re5+ 42. Kd3 Kf6 43. Rf2 c5 44. Kc2 Re1 45. Rd2
Re5 46. Rf2 Re1 47. Rd2 Re5 48. Rf2 1/2-1/2

[Event "EU-ch 12th"]
[Site "Aix les Bains"]
[Date "2011.03.31"]
[Round "9"]
[White "Lenic, Luka"]
[Black "Apicella, Manuel"]
[Result "1-0"]
[WhiteElo "2623"]
[BlackElo "2531"]
[Annotator "Marin,M"]
[PlyCount "69"]
[EventDate "2011.03.22"]
[EventType "swiss"]
[EventRounds "11"]
[EventCountry "FRA"]
[SourceTitle "CBM 142 Extra"]
[Source "ChessBase"]
[SourceDate "2011.06.27"]
[SourceVersion "1"]
[SourceVersionDate "2011.06.27"]
[SourceQuality "1"]

1. d4 e6 2. c4 Bb4+ 3. Bd2 Qe7 4. g3 Nf6 5. Bg2 O-O 6. e3 $5 {Catalan
specialists frequently use the opportunity of deviating from the genuine
Bogo-Indian in case of an early check on b4. For instance, after 4...c5
followed by an exchange on b4, there is the system based on 6.e4 followed by
Ne2. After the text move, Black has a choice of typical Bogo-Indian setups and
has to decide which of them would be most effective under the changed
circumstances.} Bxd2+ {Black chooses a simplifying method favoured in the past
by Ulf Andersson. Black will define his later plan dependent on how White
chooses to recapture..} (6... e5 {This hurried central break, without the
support of the d-pawn, leaves White with a space advantage in the centre.} 7.
dxe5 Bxd2+ 8. Qxd2 Qxe5 9. Nc3 d6 10. Nf3 $14 {Ellers,H (2407)-Schwarz,M (2408)
/Germany 2005/CBM 106 (1/2, 38)}) ({The other way of immediately occupying the
centre,} 6... d5 {is less effective than the similar move from the next
comment, because White has not been forced to define his piece setup on the
queenside.} 7. Ne2 dxc4 8. Qc2 c5 9. Bxb4 cxb4 10. Nd2 $1 (10. Qxc4 {would
expose the queen.} Nc6 11. Nd2 Bd7 12. O-O Rac8 13. Qd3 Rfd8 $132) 10... Nc6
11. Nxc4 Bd7 12. b3 Rac8 13. Qb2 Rc7 14. O-O Rfc8 15. e4 $14 {Narciso Dublan,M
(2467)-Pablo Marin,A (2434)/Mondariz 2002/CBM 091 ext (1-0, 55). White has a
solid space advantage in the centre, while the queenside has been stabilised.})
7. Nxd2 $146 {This way of capturing speeds up the queenside development and
discourages ...d5 by keeping c4 defended, but reduces White's pressure along
the d-file. In this relatively unexplored position, it is a novelty.} ({
The standard reply in such positions is} 7. Qxd2 {. The idea is to keep the
d-file free and develop the queen's knight to c3, maintaining a better control
over the centre.} d5 $1 {This is the best way of taking advantage of the fact
that White has spent a tempo on e2-e3. As usual, White has to consider the
threat of ...dxc4.} ({The plans based on playing on the dark squares justify
White's setup, leaving him with the upper hand in the centre.} 7... a5 8. Ne2
d6 9. O-O e5 10. Nbc3 Nc6 11. Nd5 Qd8 12. f4 exd4 13. Nxd4 Nxd4 14. Qxd4 Nd7
15. e4 f6 16. Rad1 Re8 17. Rfe1 $14 {Baginskaite,C (2335)-Saljova,S (2235)/
Lazne Bohdanec 1995/EXT 97 (0-1, 36). White has more space and superior
development, which only partially is compensated for by Black's stability on
dark squares.}) ({Or:} 7... d6 8. Nc3 Nbd7 9. Nge2 c5 {An interesting setup,
in the spirit of the Hedgehog, which looks flexible but a little passive.} 10.
O-O a6 11. h3 {I am not entirely sure if the plan introduced by this move is
the best, but in the game it will work out well. One important alternative
would be centralising rooks, preparing against Black's planned ...b5.} Rb8 12.
a4 b6 13. g4 Bb7 14. d5 Ne8 15. Ng3 Nc7 16. Rad1 $14 {Marzolo,C (2355)-Vallin,
G (2270)/Meribel 1998/EXT 2000 (1-0, 32). The absence of the dark-squared
bishop reduces Black's chances for counterplay in this typical Benoni
structure.}) 8. cxd5 $1 {The only way of giving meaning to the previous play.}
({Without the pair of moves e3 and ...Qe7, White would play} 8. Qc2 {, but
here this looks questionable in view of} c5 $132) 8... exd5 9. Nc3 c6 10. Nge2
{This is the point. Usually, White does not get much by transposing to the
Carlsbad structure after having developed the bishop to the fianchetto. Here,
he makes use of the move e3 for initiating a flexible plan based on f3 and e4.
The previous exchange of the dark-squared bishops favours him, because Black's
typical ...c5 as an answer to f3. To be compared with a similar line of the 4.
e3 0-0 5.Nge2 Nimzo-Indian, where the bishops are on the board.} Bf5 11. O-O
Nbd7 12. Nf4 Rfe8 13. Rfe1 Nb6 14. b3 Rad8 (14... Ne4 15. Nxe4 dxe4 16. Qa5 Bd7
17. Rac1 $14) 15. f3 a5 {This is a generally useful move, but does not
contribute to the fight for the centre.} ({A possible alternative is} 15... h6
$5 {, preserving the bishop in the event of} 16. e4 dxe4 17. fxe4 Bh7 {with
pressure against White's optically impressive centre. For instance:} 18. e5 Ng4
19. Rad1 Qb4 $132) 16. Nd3 {This looks too soft to cause problems.} (16. e4 $14
{should have been tried.}) 16... Bxd3 17. Qxd3 Qb4 18. Qc2 g6 {Korzubov,P 
(2460)-Begun,S/Minsk 1985/EXT 1999 (1/2, 40). Since e3-e4 is not easy to carry
out, Black has a satisfactory position.}) 7... d6 {The plan based on ...d6 and
...e5 is not the only available one. Only future practice will tell which is
best.} ({I would consider} 7... c5 8. Ne2 Nc6 9. dxc5 (9. O-O cxd4 10. exd4 d5
$11) 9... Qxc5 10. O-O d6 11. Rc1 Rd8 {With a reasonable Hedgehog.}) 8. Ne2 e5
({Here, too, attacking the centre from the opposite side makes sense:} 8... c5
9. O-O Nc6) 9. O-O Nc6 10. d5 Nb8 {Black has managed to block the centre at
the cost of two tempi. This is not unusual in the Bogo-Indian, but in this
concrete case White's knights are developed in a flexible way, allowing active
operations on either wing.} 11. h3 $5 {An ambitious kingside plan.} ({A
simpler alternative was} 11. Nc3 a5 12. a3 $14 {, preparing the queenside
attack.}) 11... c5 $2 {In a generl sense (and especially if taken together
with the next move), the decisive mistake. Blocking the queenside would make
sense only if the kingside would be safe, which is hardly the case.} ({The
standard reaction is} 11... c6 $5 {, aiming to get some queenside counterplay.}
) ({The more sophisticated} 11... Bf5 {implies a pawn sacrifice, with unclear
compensation:} 12. Qb3 $1 (12. g4 $6 Bd3 $132) (12. e4 Bd7 {deprives White of
the plan from the game. Therefore, he should switch to the queenside, but
Black can hold on.} 13. b4 a5 14. a3 c6) 12... Nbd7 (12... c6 13. g4 $14) (
12... Na6 13. Qxb7 Nc5 14. Qb4 Qd7 15. Kh2 Bd3 16. Rfe1 Rfb8 17. Qa3 $14) 13.
Qxb7 Bd3 14. Rfe1 Rfb8 15. Qxc7 Rxb2 16. Qa5 $14 {In both lines, Black enjoys
certain activity, but White can hope to neutralise the initiative and keep the
extra pawn.}) 12. g4 Bd7 $6 {A clumsy way of preparing the counterplay. Black
simply does not have the time to play such moves.} ({The only way I see to
avoid the disaster from the game is} 12... b5 $5 {, when the least of Black's
worries would be} 13. cxb5 a6 $133) 13. Ng3 b5 14. f4 $16 {With better
development and a crushing kingside attack.} Na6 15. cxb5 Bxb5 (15... exf4 16.
exf4 Bxb5 17. Re1 Qd7 18. g5 Ne8 19. Nde4 $16) 16. Nf5 Qd8 (16... Qd7 17. fxe5
dxe5 18. Nh6+ Kh8 19. Rxf6 gxf6 20. Ne4 Qd8 21. Qf3 $16) 17. fxe5 dxe5 18. d6
Bxf1 19. Qxf1 Nb4 20. a3 (20. Bxa8 $16) 20... Nc2 (20... Nbd5 21. g5 $18) 21.
Rc1 $18 Nxe3 22. Nxe3 Rb8 23. Ndc4 Nd7 24. Nd5 Qh4 25. Qf5 Rbd8 26. Ne7+ Kh8
27. Nc6 g6 28. Qf2 Qg5 29. Qd2 Qxd2 30. Nxd2 Rde8 31. g5 Re6 32. Ne4 h5 33. h4
f5 34. gxf6 Nxf6 35. Rd1 1-0

[Event "Grand Slam Final 1st"]
[Site "Bilbao"]
[Date "2008.09.02"]
[Round "1"]
[White "Aronian, Levon"]
[Black "Carlsen, Magnus"]
[Result "0-1"]
[WhiteElo "2737"]
[BlackElo "2775"]
[Annotator "Marin,M"]
[PlyCount "102"]
[EventDate "2008.09.02"]
[EventType "tourn"]
[EventRounds "10"]
[EventCountry "ESP"]
[EventCategory "21"]
[SourceTitle "CBM 126"]
[Source "ChessBase"]
[SourceDate "2008.10.01"]
[SourceVersion "1"]
[SourceVersionDate "2008.10.01"]
[SourceQuality "1"]

1. c4 c5 2. Nf3 Nf6 3. d4 cxd4 4. Nxd4 e6 5. g3 {Aronian has had this position
more than once over the past years.} Bb4+ 6. Nd2 {However, this move is new
for his games. It may appear that the knight stands passive on d2, but one may
also think that a tempo is a tempo (since it is obvious that the bishop will
have to retreat in the near future).} ({Previously, Aronian has played} 6. Bd2
Bc5 (6... Be7 7. Bg2 Nc6 8. Bc3 O-O 9. O-O d5 {Aronian,L (2763)-Topalov,V 
(2767)/Sofia 2008/CBM 124/[Marin,M] (0-1, 60)}) 7. Nb3 Be7 8. Bg2 Nc6 9. Nc3 b6
10. Bf4 Bb7 11. O-O O-O 12. Bd6 (12. e4 {Aronian,L (2744)-Leko,P (2749)/
Morelia/Linares 2007/CBM 117/[Mihail Marin] (1/2-1/2, 41)}) 12... Na5 $6 (12...
Ne8 $5) 13. Nxa5 Bxg2 14. Kxg2 bxa5 15. e4 Rc8 16. b3 $14 {Aronian,L (2759)
-Carlsen,M (2693)/Elista 2007/CBM 119 (1-0, 51). Aronian went on to win this
crucial game, the eleventh (!) of a Candidates' match that had started rather
nicely for him, but had become more and more complicated day by day.}) ({
Curiously, he has never played} 6. Nc3 {in this speciffic move order, although
he has had the fianchetto NI with white for a couple of times...}) 6... Nc6 ({
The other way to attack the unprotected knight (a direct consequence of Nd2) is
} 6... Qb6 {Blagojevic,D (2537)-Akopian,V (2678)/Chalkidiki 2002/CBM 092/
[Ribli] (0-1, 39)}) 7. Nc2 Be7 8. Bg2 O-O 9. O-O {This is a good moment to
evaluate the consequences of the apparent loss of tempo cause dby the bishop's
check. If Black had played ...Be7 right away, White would have had his knights
on c3 and d4, which would have largely favoured him. However, even the way it
is, Black still has to find a way to annihilate White's advantage in space as
soon as possible.} Rb8 $5 {A new move.} ({The most natural continuation is} 
9... d5 {, fighting for space in the centre.} 10. cxd5 exd5 (10... Nxd5 11. Nc4
Qc7 12. e4 {This hardly poses any problems.} ({As a "Catalan" player, I would
prefer} 12. N2e3 $5 {with chances to retain the better chances in an almost
symmetrical position.}) 12... Nb6 13. Qe2 Nxc4 14. Qxc4 Bd7 15. Be3 Rfc8 16.
Rfd1 Ne5 17. Qxc7 Rxc7 18. Ne1 Ng4 {1/2-1/2 Remon,A (2395)-Vilela,J (2410)/
Bayamo 1980/EXT 99}) 11. Nb3 Bf5 12. Ncd4 Be4 13. f3 (13. Bh3 $5) 13... Bg6 14.
Nxc6 bxc6 15. Be3 {We can see that White has made very efficient use of the
knights' placement. One has been exchanged to cause a pawn weakness, the other
is ideally placed now to block the weak c5-square.} Re8 16. Rc1 Qd7 17. Qd2
Rab8 18. Nc5 (18. Bc5 Qb7 $5 {[%cal Gg6b1,Gb7b2]}) 18... Bxc5 19. Bxc5 Qe6 20.
Rfe1 $14 {Buhmann,R (2527)-Nikolaidis,I (2502)/Fuerth 2002/CBM 091 (0-1, 47)})
(9... a6 {is a less effective way to prepare ...b5 than in our main game,
because the a8-rook is still exposed to the bishop's pressure.} 10. b3 b5 11.
Nd4 Qb6 12. Nxc6 dxc6 13. Ne4 bxc4 (13... Nxe4 14. Bxe4 $14) 14. bxc4 Rd8 15.
Qc2 Ra7 $6 (15... Rb8 16. c5 $14) 16. Rb1 Qc7 17. c5 {Alburt,L (2535)-Short,N 
(2535)/Foxboro 1985/MCD (1/2-1/2, 33)}) (9... b6 {is not too ambitious and
gives White the time to complete his development and consolidate his advantage
in space.} 10. b3 Bb7 11. Bb2 Qc7 (11... d6 12. e3 Qc7 13. Qe2 a6 14. Rac1 Nb8
15. e4 Nbd7 16. Nd4 Rfe8 17. Rfd1 Rac8 18. b4 Qb8 19. f4 $14 {Zhang Zhong 
(2658)-Rott,G (2191)/Dos Hermanas 2004/CBM 099 ext (1-0, 37)}) 12. e4 d6 13.
Ne3 Rad8 14. Qe2 Qb8 15. f4 Qa8 16. Rad1 Nb8 17. f5 $36 {Birnboin-Varasdy/
Athens 1979 (1-0, 35). In both games, White achieved an active form of the
Hedgehog, although the position remains, as always in this structure, double
edged.}) 10. Ne4 {I have my doubts about this move. With his development
incomplete, White does not seem to be prepared to provoke exchanges.} ({
I believe that} 10. Nb3 $5 {offers better chances to stabilize the position.}
b5 (10... d6 11. Bf4 $14 {[%cal Ga1c1]}) 11. c5 a5 (11... Qc7 12. Bf4 e5 13.
Bg5 $16) 12. Ncd4 Qc7 (12... Nxd4 13. Qxd4 $14 a4 14. Bf4 $1) 13. Bd2 (13. a4
bxa4 14. Nxc6 dxc6 15. Rxa4 Rd8 16. Qc2 Rb5 $132) 13... a4 14. Nxc6 dxc6 15.
Na5 Bd7 16. Qc2 e5 17. b4 Rfd8 18. Rad1 Nd5 19. e4 Nf6 20. Bc3 $14 {Although
the knight seems to be out of play on a5, White's pressure in the centre is
quite unpleasant. In order to fight back on equal terms, Black may well have
to leave the b7-square unattended, or, alternatively, to leave the c6-pawn
insufficiently well defended, allowing some tactical tricks.}) 10... b5 {
Now, White's previous move will be justified.} (10... Nxe4 $5 {looks better,
but Carlsen might have wished to avoid the variation} 11. Bxe4 b5 12. cxb5 Rxb5
13. Bxh7+ Kxh7 14. Qd3+ Rf5 15. g4 {. However, things are not too clear after}
Ba6 16. Qxa6 ({Or} 16. Qh3+ Kg8 17. gxf5 Bxe2 18. Re1 Ba6 $44) 16... Rf6 $44 {
and the weakened position of the kingside, combined with White's delay in
development offer Black good counterplay.}) 11. cxb5 {Again, Aronian strives
for dynamic play, but this time it may well be a matter of taste.} (11. Bf4 $6
{loses a pawn without clear compensation after} e5 12. Bd2 bxc4) ({However,} 
11. Nxf6+ $5 Bxf6 12. c5 {deserves serious attention. White has the more
pleasant position at no risk.} Qc7 13. Bf4 Ne5 14. Nb4 Bb7 (14... Qxc5 15. Nd3
Nxd3 16. Qxd3 $14 e5 17. Be3 Qc7 18. Rac1 Qa5 19. Bc5 Re8 20. Bd6 Rb6 21. Bc7
$16) 15. Bxb7 Qxb7 16. Nd3 Nxd3 17. Qxd3 $14) 11... Rxb5 12. Nd6 {Once the
knight has landed here, it will be Black who will face some problems with the
mobilization of his forces.} Bxd6 (12... Rb8 13. b3 Ba6 14. Ba3 $14) 13. Qxd6
Bb7 14. Na3 (14. b3 Ne7 $11) 14... Rb6 {White has obtained the pair of bishops,
but his blockade on d6 is not too stable. Besides, he still needs time to
complete his development. Aronian decides to cut the Gordian Knott in one move,
but he probably miscalculated some detail.} 15. Be3 $6 {White's compensation
for the sacrificed pawn will only suffice to fight for equality.} ({The more
natural} 15. Nc4 {would have offered better chances to retain the better
chances, for instance} Ra6 16. Bd2 Ne7 17. Qd3 Bxg2 18. Kxg2 Qa8+ 19. f3 d5 20.
Ne5 $14 {. White's queenside majority will prove more dangerous in the long
term, as Black's centre is not easy to advance.}) 15... Rxb2 16. Bc5 Re8 17.
Rab1 ({Aronian might have missed that} 17. Nc4 {can be answered with} Rxe2 $1 (
{but not} 17... Rb5 18. a4 Rb3 19. Qd1 Rc3 20. Nd6 $16) 18. Qd3 Ba6 19. Qxe2 d5
$44) 17... Rxb1 18. Rxb1 Ba6 19. Nb5 Bxb5 20. Rxb5 Qc8 21. a4 h6 {Although
White's position looks active, he has no obvious plan to develop his
initiative. White has a solid position and an extra pawn.} 22. Ba3 Qa6 23. Bb2
Qxa4 24. Bxc6 dxc6 25. Rb4 Qa5 26. Bxf6 gxf6 27. Rg4+ Kh7 28. Qxc6 Rd8 {
A critical moment. White provokes ...f5, but this move will prove useful a
couple of moves later...} 29. Qc2+ $2 (29. Ra4 {would have probably led to a
draw:} Qe1+ (29... Qb6 30. Qc2+ f5 31. e4 $1 fxe4 32. Rxe4 f5 33. Rc4 $44 {
The weakness of Black's kingside compensates for his extra pawn.}) 30. Kg2 Rd1
31. Qc7 Qh1+ ({With the pawn on f6 still,} 31... Kg6 $4 {is impossible because
of} 32. Rg4+ $1 $18 {mating.}) 32. Kh3 Qf1+ 33. Kh4 Qxf2 34. Qxf7+ Kh8 $11 {
and White has a draw by perpetual, but hardly more, since his king is also
exposed.}) 29... f5 30. Ra4 Qe1+ 31. Kg2 Rd1 32. Qc7 Kg6 $1 $17 {Now, this
move is entirely possible and it is only the white king who is any danger.
Carlsen goes on to confidently convert his initiative into a very promising
endgame, which he then wins quite convincingly.} 33. Kf3 Qh1+ 34. Ke3 Ra1 35.
Qc2 Rxa4 36. Qxa4 Qc1+ 37. Kf3 Qc3+ 38. Kg2 a5 39. g4 Qe5 40. gxf5+ Kxf5 41.
Qe8 Kg6 42. Qf8 a4 43. e3 Qe4+ 44. Kg3 Qd3 45. h4 a3 46. Kh2 Qf5 47. Qxa3 Qxf2+
48. Kh3 Qf3+ 49. Kh2 Kh5 50. Qf8 Qf2+ 51. Kh1 Kg4 0-1